[Event "Manresa op"]
[Site "Manresa ESP"]
[Date "1995.??.??"]
[Round "3"]
[White "Spraggett, Kevin"]
[Black "Rocabert Andreu, Guillem"]
[Result "1-0"]
[WhiteElo "2530"]
[BlackElo "2275"]
[PlyCount "77"]
[EventDate "1995.??.??"]
[EventType "swiss"]
[EventRounds "9"]
[EventCountry "ESP"]

1. e4 c6 2. d4 d5 3. e5 Bf5 4. Be2 e6 5. Nf3 Nd7 6. O-O Ne7 7. Nbd2 Nc8 8. Re1
Be7 9. Nf1 a6 10. h3 Na7 11. c3 c5 12. g4 Bg6 13. Ng3 Nc6 14. Bd3 cxd4 15. cxd4
Rc8 16. Bxg6 hxg6 17. Kg2 Qb6 18. b3 Nb4 19. Re2 Qb5 20. a3 Nc6 21. Bf4 Na5 22.
Bd2 Nb8 23. Re3 Nbc6 24. Ne2 Qb6 25. Qe1 Bd8 26. Rc1 Nxb3 27. Rb1 Nxd2 28. Rxb6
Nxf3 29. Rxf3 Bxb6 30. Qb1 Nxd4 31. Nxd4 Bxd4 32. Rxf7 Kxf7 33. Qxb7+ Kg8 34.
Qxc8+ Kh7 35. Qxe6 Rd8 36. f4 Bc5 37. f5 gxf5 38. gxf5 d4 39. Qg6+ 1-0

[Event "Manresa op"]
[Site "Manresa ESP"]
[Date "1995.??.??"]
[Round "4"]
[White "Gonzales, Fernanda"]
[Black "Spraggett, Kevin"]
[Result "0-1"]
[WhiteElo "2405"]
[BlackElo "2530"]
[PlyCount "80"]
[EventDate "1995.??.??"]
[EventType "swiss"]
[EventRounds "9"]
[EventCountry "ESP"]

1. d4 Nf6 2. c4 d6 3. Nc3 Nbd7 4. e4 e5 5. Nf3 Be7 6. Be2 O-O 7. O-O c6 8. Re1
a6 9. h3 Qc7 10. a3 b5 11. b4 Bb7 12. Bg5 Rad8 13. Rc1 Qb8 14. cxb5 axb5 15.
Qb3 exd4 16. Nxd4 Rfe8 17. Bf1 Bf8 18. Nf5 h6 19. Bf4 Ne5 20. Bg3 Bc8 21. Nd4
Qb6 22. Red1 Bd7 23. Bh4 Be7 24. Nf5 Bxf5 25. exf5 d5 26. a4 bxa4 27. Nxa4 Qa7
28. Nc5 Rb8 29. Bxf6 Bxf6 30. Kh1 Red8 31. Re1 Qb6 32. Na6 Ra8 33. Nc5 Rab8 34.
Na6 Qxf2 35. Nxb8 Rxb8 36. b5 d4 37. b6 d3 38. Bxd3 Rxb6 39. Qc2 Qg3 40. Bf1
Ng4 0-1

[Event "Manresa op"]
[Site "Manresa ESP"]
[Date "1995.??.??"]
[Round "7"]
[White "Spraggett, Kevin"]
[Black "Rodriguez, Andres"]
[Result "1-0"]
[WhiteElo "2530"]
[BlackElo "2490"]
[PlyCount "85"]
[EventDate "1995.??.??"]
[EventType "swiss"]
[EventRounds "9"]
[EventCountry "ESP"]
[Source "ChessBase"]
[SourceDate "1997.11.17"]

1. e4 c5 2. Nc3 a6 3. g3 b5 4. Bg2 Bb7 5. d3 e6 6. f4 d5 7. e5 Ne7 8. Qe2 Nf5
9. Nf3 Nc6 10. Qf2 d4 11. Nd1 Be7 12. O-O c4 13. g4 Nh4 14. Nxh4 Bxh4 15. Qe2
cxd3 16. cxd3 Be7 17. Bd2 Qb6 18. Nf2 O-O-O 19. Ne4 Kb8 20. a3 Na5 21. Bb4 Rhe8
22. Bxe7 Rxe7 23. b4 Nc6 24. Nc5 Ba8 25. Rfc1 Rc8 26. Qe4 g6 27. a4 Ra7 28.
axb5 Qxb5 29. Rc4 a5 30. Nb3 axb4 31. Rxa7 Kxa7 32. Qe1 Qa6 33. Bxc6 Bxc6 34.
Qxb4 Bd5 35. Rxc8 Qxc8 36. Qxd4+ Ka8 37. Qa4+ Kb8 38. Qb5+ Ka8 39. Nc5 Qc7 40.
Qa4+ Qa7 41. Qe8+ Qb8 42. Qxb8+ Kxb8 43. Nd7+ 1-0

[Event "Santiago op"]
[Site "Santiago ESP"]
[Date "1995.??.??"]
[Round "2"]
[White "Spraggett, Kevin"]
[Black "Estremera Panos, Sergio"]
[Result "1-0"]
[WhiteElo "2520"]
[BlackElo "2350"]
[PlyCount "91"]
[EventDate "1995.??.??"]
[EventType "swiss"]
[EventRounds "9"]
[EventCountry "ESP"]
[Source "ChessBase"]
[SourceDate "1997.11.17"]

1. g3 d5 2. Bg2 c6 3. d4 Nf6 4. Nf3 e6 5. O-O Be7 6. c4 O-O 7. Qc2 b6 8. b3 Bb7
9. Nc3 Nbd7 10. Rd1 Rc8 11. e4 c5 12. exd5 exd5 13. Bb2 dxc4 14. d5 Ne8 15.
bxc4 Nd6 16. Ne4 Nxe4 17. Qxe4 Bf6 18. Qc2 Re8 19. a4 Rb8 20. Re1 Qc7 21. Bh3
Ne5 22. Nd2 Ba6 23. Re4 Nd7 24. Rae1 Rxe4 25. Rxe4 Bxb2 26. Re7 Bc8 27. Qxb2
Qd8 28. Re3 Nf6 29. Bxc8 Rxc8 30. Qb5 Qd6 31. a5 bxa5 32. Qxa5 Rc7 33. Ne4 Nxe4
34. Rxe4 h6 35. Re8+ Kh7 36. Qe1 Rb7 37. Qe4+ Qg6 38. Qxg6+ Kxg6 39. Rc8 a5 40.
Rxc5 Ra7 41. d6 Kf6 42. Rc7 Ra6 43. c5 a4 44. d7 Ke7 45. c6 Ra8 46. Rc8 1-0

[Event "Santiago op"]
[Site "Santiago ESP"]
[Date "1995.??.??"]
[Round "4"]
[White "Spraggett, Kevin"]
[Black "Teran Alvarez, Ismael"]
[Result "1-0"]
[WhiteElo "2520"]
[BlackElo "2310"]
[PlyCount "59"]
[EventDate "1995.??.??"]
[EventType "swiss"]
[EventRounds "9"]
[EventCountry "ESP"]
[Source "ChessBase"]
[SourceDate "1997.11.17"]

1. Nf3 Nf6 2. g3 g6 3. b3 Bg7 4. Bb2 O-O 5. Bg2 d6 6. c4 e5 7. d3 Nc6 8. O-O e4
9. dxe4 Nxe4 10. Qc1 Re8 11. Re1 Qe7 12. Bxg7 Kxg7 13. Nfd2 Nxd2 14. Qxd2 Qf6
15. Nc3 Be6 16. Rac1 Rab8 17. Nd5 Bxd5 18. cxd5 Nd4 19. Rc4 Nf5 20. Rxc7 Rbc8
21. Rec1 Rxc7 22. Rxc7 Qa1+ 23. Bf1 Re5 24. e3 h5 25. Rxb7 h4 26. Rxa7 hxg3 27.
hxg3 Ne7 28. Rc7 Qb1 29. Rc1 Qf5 30. Bg2 1-0

[Event "Santiago op"]
[Site "Santiago ESP"]
[Date "1995.??.??"]
[Round "6"]
[White "Spraggett, Kevin"]
[Black "Campora, Daniel"]
[Result "1-0"]
[WhiteElo "2520"]
[BlackElo "2525"]
[PlyCount "133"]
[EventDate "1995.??.??"]
[EventType "swiss"]
[EventRounds "9"]
[EventCountry "ESP"]
[Source "ChessBase"]
[SourceDate "1997.11.17"]

1. c4 e5 2. g3 f5 3. d4 d6 4. Nc3 Nc6 5. e3 Nf6 6. Bg2 Be7 7. Nge2 O-O 8. Nd5
Bd7 9. O-O a6 10. b3 Rb8 11. Bb2 Kh8 12. Rc1 Rc8 13. Nec3 Ng4 14. h3 Nf6 15. f4
e4 16. a3 Qe8 17. Nxe7 Nxe7 18. d5 b5 19. Rf2 Qg6 20. Kh2 h5 21. Bf1 h4 22. Rg2
Rb8 23. Ba1 hxg3+ 24. Rxg3 Qh6 25. cxb5 axb5 26. b4 Be8 27. Be2 Rb7 28. Qd4 Ng6
29. Rcg1 Rg8 30. Nb1 Kh7 31. Rg5 Nh4 32. Qd1 Bf7 33. R1g3 Rbb8 34. Nc3 Be8 35.
Kh1 Ra8 36. Bb2 Rb8 37. Kg1 Bf7 38. Kf2 Be8 39. Kf1 Bf7 40. Kf2 Be8 41. Kf1 Bf7
42. Nxb5 Nxd5 43. Nxc7 Nf6 44. Qxd6 Rbd8 45. Qe5 Rd2 46. Bd4 Bh5 47. Bxh5 Nxh5
48. Rxh5 Rd1+ 49. Kf2 Rd2+ 50. Kf1 Rd1+ 51. Kf2 Rd2+ 52. Ke1 Nf3+ 53. Rxf3 Qxh5
54. Kxd2 exf3 55. e4 f2 56. Bxf2 Rd8+ 57. Bd4 Qf3 58. Ne6 Qg2+ 59. Kc3 Rc8+ 60.
Bc5 Qf3+ 61. Kd2 Qg2+ 62. Kc3 Qf3+ 63. Kc4 Qe2+ 64. Kd5 Qd3+ 65. Qd4 Qb3+ 66.
Kd6 Rg8 67. Qd5 1-0

[Event "Santiago op"]
[Site "Santiago ESP"]
[Date "1995.??.??"]
[Round "8"]
[White "Spraggett, Kevin"]
[Black "Rivera Kuzawka, Daniel"]
[Result "1-0"]
[WhiteElo "2520"]
[BlackElo "2385"]
[PlyCount "87"]
[EventDate "1995.??.??"]
[EventType "swiss"]
[EventRounds "9"]
[EventCountry "ESP"]
[Source "ChessBase"]
[SourceDate "1997.11.17"]

1. c4 c5 2. g3 g6 3. Bg2 Bg7 4. e3 Nc6 5. Ne2 e5 6. Nbc3 Nge7 7. d3 O-O 8. b3
d6 9. Bb2 a6 10. Qd2 Rb8 11. O-O b5 12. h3 b4 13. Nd5 Bb7 14. f4 Nxd5 15. cxd5
Ne7 16. e4 a5 17. fxe5 dxe5 18. Kh1 Qd6 19. Ng1 Ba6 20. Nf3 Nc8 21. a3 Bb7 22.
axb4 axb4 23. Qe3 Nb6 24. Ra5 Nd7 25. Nd2 Ra8 26. Nc4 Qc7 27. Rfa1 Rxa5 28.
Rxa5 Ra8 29. Rxa8+ Bxa8 30. Qc1 Qa7 31. h4 Bb7 32. Bh3 Bc8 33. Qa1 Qxa1+ 34.
Bxa1 f5 35. exf5 Bb7 36. fxg6 Bxd5+ 37. Kg1 Nf8 38. gxh7+ Kxh7 39. Bf5+ Kg8 40.
Bb2 Ne6 41. Be4 Bxc4 42. dxc4 Nd4 43. Bxd4 exd4 44. g4 1-0

[Event "Santiago op"]
[Site "Santiago ESP"]
[Date "1995.??.??"]
[Round "9"]
[White "Rodriguez Vargas, Orestes"]
[Black "Spraggett, Kevin"]
[Result "1/2-1/2"]
[WhiteElo "2445"]
[BlackElo "2520"]
[PlyCount "21"]
[EventDate "1995.??.??"]
[EventType "swiss"]
[EventRounds "9"]
[EventCountry "ESP"]
[Source "ChessBase"]
[SourceDate "1997.11.17"]

1. d4 Nf6 2. c4 d6 3. Nf3 c6 4. Nc3 Nbd7 5. g3 e5 6. Bg2 Be7 7. O-O O-O 8. b3
Re8 9. e3 Bf8 10. Bb2 exd4 11. exd4 1/2-1/2

[Event "Olympiad"]
[Site "Moscow RUS"]
[Date "1994.12.02"]
[Round "2"]
[White "Lalic, Bogdan"]
[Black "Spraggett, Kevin"]
[Result "1-0"]
[WhiteElo "2530"]
[BlackElo "2530"]
[PlyCount "85"]
[EventDate "1994.12.01"]
[EventType "team"]
[EventRounds "14"]
[EventCountry "RUS"]

1. c4 e5 2. Nc3 Nc6 3. Nf3 Nf6 4. g3 Bb4 5. Bg2 O-O 6. O-O Bxc3 7. bxc3 e4 8.
Nd4 Re8 9. d3 h6 10. c5 Nxd4 11. cxd4 d5 12. cxd6 Qxd6 13. dxe4 Nxe4 14. Bf4
Qe7 15. Qc1 c6 16. Rb1 Bf5 17. g4 Bg6 18. f3 Nd6 19. e4 Rad8 20. a4 Rd7 21. Qc5
Nc8 22. Rb4 Red8 23. Qxe7 Rxe7 24. a5 a6 25. Rfb1 Rdd7 26. Bb8 f6 27. Bh3 Bf7
28. g5 Be6 29. gxf6 gxf6 30. Bxe6+ Rxe6 31. Rxb7 Rxd4 32. Ba7 Rc4 33. Rb8 Re8
34. Ra8 Kf7 35. Rbb8 Nd6 36. Rxe8 Nxe8 37. Bb6 c5 38. Rxa6 Rc2 39. Ra8 Nd6 40.
a6 Nc4 41. Bxc5 Ne5 42. Rf8+ Kg7 43. a7 1-0

[Event "Olympiad"]
[Site "Moscow RUS"]
[Date "1994.12.04"]
[Round "4"]
[White "Spraggett, Kevin"]
[Black "Campora, Daniel"]
[Result "0-1"]
[WhiteElo "2530"]
[BlackElo "2560"]
[PlyCount "45"]
[EventDate "1994.12.01"]
[EventType "team"]
[EventRounds "14"]
[EventCountry "RUS"]

1. e4 c6 2. d4 d5 3. e5 Bf5 4. c3 e6 5. Be3 Nd7 6. Qb3 Qc7 7. Nd2 f6 8. f4
O-O-O 9. Ngf3 g5 10. Be2 Nh6 11. fxg5 Ng4 12. Bg1 fxe5 13. h3 e4 14. hxg4 exf3
15. gxf5 fxe2 16. fxe6 Nb6 17. Qc2 Qg3+ 18. Bf2 Qxg5 19. Nf3 Qxg2 20. Kxe2 Qg4
21. Rxh7 Rxh7 22. Qxh7 Re8 23. Re1 0-1

[Event "Olympiad"]
[Site "Moscow RUS"]
[Date "1994.12.08"]
[Round "7"]
[White "Westerinen, Heikki"]
[Black "Spraggett, Kevin"]
[Result "1/2-1/2"]
[WhiteElo "2370"]
[BlackElo "2530"]
[PlyCount "46"]
[EventDate "1994.12.01"]
[EventType "team"]
[EventRounds "14"]
[EventCountry "RUS"]

1. e4 c5 2. Nf3 e6 3. Nc3 a6 4. g3 Nc6 5. Bg2 d6 6. O-O Be7 7. Re1 Qc7 8. d3
Nf6 9. Bf4 Ne5 10. a4 Nfd7 11. h3 h5 12. Qd2 f6 13. Be3 g5 14. Nxe5 dxe5 15. a5
h4 16. g4 b5 17. axb6 Nxb6 18. b3 Kf7 19. Na4 Nd7 20. Nb2 Rb8 21. Nc4 Rb5 22.
Ra4 Nb8 23. Na5 Bd7 1/2-1/2

[Event "Olympiad"]
[Site "Moscow RUS"]
[Date "1994.12.10"]
[Round "9"]
[White "Solomon, Daniela"]
[Black "Spraggett, Kevin"]
[Result "1/2-1/2"]
[WhiteElo "2285"]
[BlackElo "2530"]
[PlyCount "70"]
[EventDate "1994.12.01"]
[EventType "team"]
[EventRounds "14"]
[EventCountry "RUS"]

1. c4 e5 2. g3 Nc6 3. Bg2 f5 4. d3 Nf6 5. Nf3 Bb4+ 6. Bd2 Bxd2+ 7. Qxd2 O-O 8.
O-O d6 9. Nc3 Kh8 10. Rac1 Bd7 11. Ne1 Qe8 12. e3 Rc8 13. Nd5 b6 14. b4 Nd8 15.
f4 c6 16. Nxf6 Rxf6 17. Nf3 c5 18. b5 Nf7 19. Rfe1 Qf8 20. Qc3 Re8 21. Qa3 Ra8
22. Nd2 h5 23. Bxa8 Qxa8 24. d4 h4 25. d5 Rg6 26. Nf1 Nh6 27. Re2 Ng4 28. Rg2
h3 29. Re2 Nf6 30. Nd2 exf4 31. Rc3 Rg4 32. Qa6 Bc8 33. Qa4 Bd7 34. Qa6 Bc8 35.
Qa4 Bd7 1/2-1/2

[Event "Olympiad"]
[Site "Moscow RUS"]
[Date "1994.12.11"]
[Round "10"]
[White "Spraggett, Kevin"]
[Black "Safarzadeh, Esmail"]
[Result "1-0"]
[WhiteElo "2530"]
[BlackElo "2315"]
[PlyCount "83"]
[EventDate "1994.12.01"]
[EventType "team"]
[EventRounds "14"]
[EventCountry "RUS"]

1. e4 c6 2. d4 d5 3. e5 Bf5 4. c3 e6 5. Be3 Nd7 6. Nd2 f6 7. f4 Nh6 8. Ngf3 Be7
9. Qb3 Qb6 10. Be2 c5 11. Qxb6 axb6 12. Bb5 Bg4 13. h3 Bxf3 14. Nxf3 Nf5 15.
Bf2 h5 16. g3 Kd8 17. O-O fxe5 18. fxe5 Nb8 19. Bd3 g6 20. Kg2 Nc6 21. g4 Nh6
22. Kg3 Kd7 23. Be3 Rag8 24. b3 Rg7 25. Rad1 Nf7 26. Rd2 h4+ 27. Kg2 Ra8 28.
Bb5 Kc7 29. Rdf2 Nfd8 30. g5 cxd4 31. cxd4 Nf7 32. a4 Rag8 33. Kh2 Rh8 34. Rg1
Rh5 35. Bd3 Bd8 36. Rg4 Ne7 37. Rxh4 Rxh4 38. Nxh4 Nf5 39. Nxf5 gxf5 40. h4 Be7
41. Rg2 Rg8 42. g6 1-0

[Event "CAN-ch"]
[Site "Hamilton CAN"]
[Date "1994.??.??"]
[Round "2"]
[White "Berry, Jonathan"]
[Black "Spraggett, Kevin"]
[Result "1/2-1/2"]
[WhiteElo "2285"]
[BlackElo "2530"]
[PlyCount "46"]
[EventDate "1994.08.12"]
[EventType "tourn"]
[EventRounds "15"]
[EventCountry "CAN"]

1. d4 Nf6 2. Nf3 e6 3. Bg5 h6 4. Bxf6 Qxf6 5. e4 d6 6. Nbd2 Nd7 7. Bd3 g6 8.
O-O e5 9. c3 Bg7 10. Nc4 O-O 11. dxe5 dxe5 12. Qc2 Qe7 13. b4 Re8 14. Rfe1 Nf8
15. Bf1 h5 16. a4 Nh7 17. a5 Bd7 18. Ne3 c6 19. Nd2 Ng5 20. Ndc4 f6 21. Red1
Red8 22. a6 b6 23. Nd6 Be6 1/2-1/2

[Event "CAN-ch"]
[Site "Hamilton CAN"]
[Date "1994.??.??"]
[Round "3"]
[White "Spraggett, Kevin"]
[Black "Baragar, Fletcher"]
[Result "1-0"]
[WhiteElo "2530"]
[BlackElo "2285"]
[PlyCount "55"]
[EventDate "1994.08.12"]
[EventType "tourn"]
[EventRounds "15"]
[EventCountry "CAN"]

1. c4 e5 2. g3 d6 3. Nc3 g6 4. Bg2 Bg7 5. d3 f5 6. e4 Nf6 7. Nge2 O-O 8. O-O c6
9. exf5 Bxf5 10. d4 Nbd7 11. h3 Qc7 12. b3 Rae8 13. d5 Nc5 14. Be3 a5 15. g4
Bc8 16. Qd2 Rf7 17. Rad1 Bf8 18. Ng3 Kh8 19. f4 Nfd7 20. f5 Nf6 21. fxg6 hxg6
22. Bxc5 dxc5 23. d6 Qd7 24. g5 Nh5 25. Rxf7 Qxf7 26. Nxh5 gxh5 27. d7 Bxd7 28.
Qxd7 1-0

[Event "CAN-ch"]
[Site "Hamilton CAN"]
[Date "1994.??.??"]
[Round "4"]
[White "Hamilton, Robert"]
[Black "Spraggett, Kevin"]
[Result "0-1"]
[WhiteElo "2330"]
[BlackElo "2530"]
[PlyCount "50"]
[EventDate "1994.08.12"]
[EventType "tourn"]
[EventRounds "15"]
[EventCountry "CAN"]

1. d4 Nf6 2. Nf3 e6 3. Bg5 h6 4. Bxf6 Qxf6 5. e4 d6 6. Nc3 Nd7 7. Qd2 Qd8 8.
O-O-O a6 9. h4 b5 10. d5 e5 11. a4 b4 12. Na2 a5 13. Bb5 Be7 14. g4 O-O 15.
Rdg1 Nc5 16. Qe3 Bd7 17. Bxd7 Qxd7 18. b3 c6 19. g5 h5 20. g6 cxd5 21. exd5 Qf5
22. gxf7+ Rxf7 23. Rg3 Ne4 24. Rgh3 Rc8 25. Kb2 Nc3 0-1

[Event "CAN-ch"]
[Site "Hamilton CAN"]
[Date "1994.??.??"]
[Round "5"]
[White "Spraggett, Kevin"]
[Black "Day, Lawrence"]
[Result "1/2-1/2"]
[WhiteElo "2530"]
[BlackElo "2370"]
[PlyCount "45"]
[EventDate "1994.08.12"]
[EventType "tourn"]
[EventRounds "15"]
[EventCountry "CAN"]

1. c4 e5 2. g3 Nf6 3. Bg2 c6 4. d4 d6 5. Nc3 Nbd7 6. Nf3 Be7 7. O-O O-O 8. Qc2
Re8 9. Rd1 Qc7 10. b3 Bf8 11. Bb2 e4 12. Nd2 d5 13. Rac1 Qa5 14. e3 b5 15. cxb5
cxb5 16. a4 b4 17. Nb5 Rb8 18. Qc7 Qxc7 19. Nxc7 Rd8 20. Rc2 a5 21. Rdc1 Nb6
22. Bf1 Ne8 23. Nb5 1/2-1/2

[Event "CAN-ch"]
[Site "Hamilton CAN"]
[Date "1994.??.??"]
[Round "11"]
[White "Spraggett, Grant"]
[Black "Spraggett, Kevin"]
[Result "1/2-1/2"]
[WhiteElo "2320"]
[BlackElo "2530"]
[PlyCount "52"]
[EventDate "1994.08.12"]
[EventType "tourn"]
[EventRounds "15"]
[EventCountry "CAN"]

1. c4 e5 2. g3 Nc6 3. Bg2 f5 4. Nc3 Nf6 5. e3 g6 6. Nge2 Bg7 7. O-O O-O 8. b3
Kh8 9. Bb2 d6 10. d4 Qe8 11. Qd2 Bd7 12. Rae1 a6 13. Ba3 Rf7 14. Rc1 Rc8 15. c5
dxc5 16. Bxc5 e4 17. h4 Rd8 18. Nf4 Bc8 19. Qc2 Bh6 20. Nce2 Ne7 21. Bxe7 Rxe7
22. Qb2 Bg7 23. Qa3 c6 24. Qa5 Be6 25. Rc2 Bf7 26. Rfc1 Red7 1/2-1/2

[Event "CAN-op"]
[Site "Winnipeg CAN"]
[Date "1994.07.09"]
[Round "1"]
[White "Spraggett, Kevin"]
[Black "Warren, Robert"]
[Result "1-0"]
[WhiteElo "2589"]
[BlackElo "1732"]
[PlyCount "49"]
[EventDate "1994.07.09"]
[EventType "swiss"]
[EventRounds "10"]
[EventCountry "CAN"]
[Source "ChessBase"]
[SourceDate "1997.11.17"]

1. e4 c5 2. Nf3 d6 3. d4 cxd4 4. Nxd4 Nf6 5. Nc3 e6 6. Be2 Be7 7. a4 Qc7 8. Be3
O-O 9. O-O Nc6 10. Nb3 Bd7 11. f4 Rac8 12. Bf3 Nb4 13. g4 Bc6 14. g5 Ne8 15.
Rf2 f6 16. Nd4 Bd7 17. Bg4 f5 18. exf5 exf5 19. Bf3 g6 20. Nd5 Nxd5 21. Bxd5+
Kh8 22. Ne6 Bxe6 23. Bxe6 Ng7 24. Bd4 Qb8 25. Bxg7+ 1-0

[Event "CAN-op"]
[Site "Winnipeg CAN"]
[Date "1994.07.10"]
[Round "2"]
[White "Ho, Andrew"]
[Black "Spraggett, Kevin"]
[Result "0-1"]
[WhiteElo "2103"]
[BlackElo "2589"]
[PlyCount "84"]
[EventDate "1994.07.09"]
[EventType "swiss"]
[EventRounds "10"]
[EventCountry "CAN"]
[Source "ChessBase"]
[SourceDate "1997.11.17"]

1. d4 Nf6 2. c4 d6 3. Nf3 c6 4. Nc3 Nbd7 5. e4 e5 6. Be2 Be7 7. O-O O-O 8. Re1
a6 9. Rb1 Re8 10. Bf1 Qc7 11. b4 exd4 12. Nxd4 Ne5 13. Qc2 Bd7 14. Bf4 Rac8 15.
Nb3 Be6 16. Nd1 b5 17. Ne3 Nh5 18. Bg3 Nxg3 19. hxg3 Qa7 20. Rbc1 bxc4 21. Nxc4
Nxc4 22. Bxc4 d5 23. Bd3 Bxb4 24. Rf1 g6 25. exd5 Bxd5 26. Bc4 Rcd8 27. Bxd5
cxd5 28. Qd3 Rd6 29. Rc2 Qb6 30. Rd1 d4 31. Rc4 Red8 32. Rb1 a5 33. Nd2 Qa6 34.
Ne4 Rc6 35. Rbc1 Rdc8 36. Rxc6 Qxd3 37. Rxc8+ Kg7 38. Ng5 Bd2 39. Rd1 Qe2 40.
Rb1 Bxg5 41. Rbb8 d3 42. Rg8+ Kh6 0-1

[Event "CAN-op"]
[Site "Winnipeg CAN"]
[Date "1994.07.10"]
[Round "3"]
[White "Spraggett, Kevin"]
[Black "Gregorz, Ralph"]
[Result "1-0"]
[WhiteElo "2589"]
[BlackElo "2294"]
[PlyCount "105"]
[EventDate "1994.07.09"]
[EventType "swiss"]
[EventRounds "10"]
[EventCountry "CAN"]
[Source "ChessBase"]
[SourceDate "1997.11.17"]

1. e4 e6 2. d4 d5 3. Nd2 c5 4. exd5 Qxd5 5. Ngf3 cxd4 6. Bc4 Qd6 7. O-O Nf6 8.
Nb3 Nc6 9. Nbxd4 Nxd4 10. Nxd4 Bd7 11. c3 Qc7 12. Qe2 Bd6 13. h3 O-O 14. Bb3
Bh2+ 15. Kh1 Bf4 16. Bxf4 Qxf4 17. Rae1 Rac8 18. Qe5 Qxe5 19. Rxe5 Rfd8 20.
Rfe1 Kf8 21. f4 Ng8 22. f5 exf5 23. Nxf5 Bxf5 24. Rxf5 Rc7 25. Re2 g6 26. Rf3
Kg7 27. g4 Nh6 28. Rfe3 Ng8 29. Kg2 Rdd7 30. Re8 Re7 31. R2xe7 Nxe7 32. Kf3 Kf6
33. Rh8 Kg7 34. Re8 Kf6 35. h4 h6 36. Ke4 Nc6 37. Bd5 Ne7 38. Rd8 Nxd5 39. Kxd5
Re7 40. Rb8 Rd7+ 41. Ke4 Re7+ 42. Kf3 Rc7 43. c4 b6 44. b3 Re7 45. Rd8 Re6 46.
Rd7 Re7 47. Rxe7 Kxe7 48. Ke4 Ke6 49. b4 f6 50. h5 f5+ 51. gxf5+ gxf5+ 52. Kf4
Kf6 53. c5 1-0

[Event "CAN-op"]
[Site "Winnipeg CAN"]
[Date "1994.07.14"]
[Round "7"]
[White "Spraggett, Kevin"]
[Black "Yoos, John"]
[Result "1-0"]
[WhiteElo "2589"]
[BlackElo "2443"]
[PlyCount "87"]
[EventDate "1994.07.09"]
[EventType "swiss"]
[EventRounds "10"]
[EventCountry "CAN"]

1. e4 d6 2. d4 Nf6 3. Nc3 g6 4. Be3 Bg7 5. Qd2 c6 6. Nf3 b5 7. Bd3 O-O 8. Bh6
Bg4 9. O-O-O Bxf3 10. gxf3 e5 11. Bxg7 Kxg7 12. dxe5 dxe5 13. f4 exf4 14. Qxf4
Qa5 15. Kb1 b4 16. Ne2 Nbd7 17. Ng3 Qe5 18. Qd2 Nc5 19. f4 Qb8 20. Rhg1 Rd8 21.
Qc1 b3 22. cxb3 Rxd3 23. Qxc5 Rxd1+ 24. Rxd1 Qb6 25. Qg5 Rd8 26. Rc1 Ng8 27.
Rxc6 Rd1+ 28. Kc2 Qxc6+ 29. Kxd1 Qd7+ 30. Qd5 Qg4+ 31. Ne2 Nf6 32. Qd4 Qg2 33.
Kd2 Qxe4 34. Qxe4 Nxe4+ 35. Ke3 Nf6 36. h3 Kf8 37. Ng3 Ke8 38. Kd4 Kd7 39. Ne4
Nh5 40. Ke5 f5 41. Nf6+ Nxf6 42. Kxf6 Kd6 43. b4 Kd5 44. b5 1-0

[Event "CAN-op"]
[Site "Winnipeg CAN"]
[Date "1994.07.16"]
[Round "9"]
[White "Spraggett, Kevin"]
[Black "Lipnowski, Irwin"]
[Result "1/2-1/2"]
[WhiteElo "2589"]
[BlackElo "2387"]
[PlyCount "83"]
[EventDate "1994.07.09"]
[EventType "swiss"]
[EventRounds "10"]
[EventCountry "CAN"]

1. e4 e6 2. d4 d5 3. Nd2 dxe4 4. Nxe4 Nd7 5. Nf3 Ngf6 6. Nxf6+ Nxf6 7. Bd3 Be7
8. Qe2 O-O 9. Bg5 c5 10. dxc5 Qa5+ 11. c3 Qxc5 12. O-O Qc7 13. Rad1 Bd7 14. Ne5
Rad8 15. Nxd7 Rxd7 16. Bb1 Rfd8 17. Rxd7 Rxd7 18. g3 Nd5 19. Bc1 Bd6 20. Be4
Be7 21. Rd1 Nf6 22. Rxd7 Qxd7 23. Bf3 Bd6 24. Qd1 b6 25. c4 Qc7 26. b3 a6 27.
Bb2 Nd7 28. Bg2 Be5 29. Ba3 Nc5 30. Kf1 a5 31. Bc1 Qd6 32. Qxd6 Bxd6 33. Ke2
Kf8 34. Bc6 Ke7 35. Be3 Be5 36. Kd2 Kd6 37. Bg2 Bb2 38. Kc2 Ba3 39. h3 Nd7 40.
f4 h5 41. g4 hxg4 42. hxg4 1/2-1/2

[Event "CAN-op"]
[Site "Winnipeg CAN"]
[Date "1994.07.17"]
[Round "10"]
[White "Littke, Adam"]
[Black "Spraggett, Kevin"]
[Result "1/2-1/2"]
[WhiteElo "2371"]
[BlackElo "2589"]
[PlyCount "97"]
[EventDate "1994.07.09"]
[EventType "swiss"]
[EventRounds "10"]
[EventCountry "CAN"]
[Source "ChessBase"]
[SourceDate "1997.11.17"]

1. d4 Nf6 2. c4 e6 3. Nf3 c5 4. d5 d6 5. Nc3 exd5 6. cxd5 g6 7. h3 a6 8. e4 b5
9. Bd3 Bg7 10. a3 O-O 11. O-O c4 12. Bc2 Bb7 13. Be3 Nbd7 14. Qd2 Re8 15. Rad1
Rc8 16. Rfe1 Qc7 17. Bd4 Qb8 18. Nh2 Ba8 19. Ng4 Nxg4 20. hxg4 Ne5 21. Bxe5
dxe5 22. g5 Qd6 23. g3 Rb8 24. Na2 Bb7 25. Kg2 f6 26. Rh1 Rf8 27. Rh2 fxg5 28.
Qxg5 h6 29. Qe3 Rf7 30. Rf1 Bc8 31. Bd1 g5 32. Bh5 Rc7 33. Qc3 Bd7 34. f3 Rcb7
35. Bg4 a5 36. Bxd7 Qxd7 37. Kh1 Rc7 38. b4 cxb3 39. Qxb3 Qd6 40. Rc1 Rxc1+ 41.
Nxc1 g4 42. fxg4 Rf8 43. Qd3 Qc5 44. Rc2 Rf1+ 45. Qxf1 Qxc2 46. Nd3 Qc4 47. Qf5
Qxd3 48. Qe6+ Kh8 49. Qc8+ 1/2-1/2

[Event "Cannes op"]
[Site "Cannes FRA"]
[Date "1994.??.??"]
[Round "2"]
[White "Spraggett, Kevin"]
[Black "Lepelletier, Benoit"]
[Result "1/2-1/2"]
[WhiteElo "2550"]
[BlackElo "2245"]
[PlyCount "80"]
[EventDate "1994.02.??"]
[EventType "swiss"]
[EventRounds "9"]
[EventCountry "FRA"]

1. e4 c5 2. Nf3 e6 3. d4 cxd4 4. Nxd4 Nf6 5. Nc3 d6 6. g3 Be7 7. Bg2 a6 8. O-O
O-O 9. f4 Qc7 10. g4 Nc6 11. Nxc6 bxc6 12. g5 Nd7 13. Kh1 Re8 14. Be3 Bf8 15.
Qd2 Rb8 16. b3 Bb7 17. Ne2 Rbd8 18. c4 d5 19. cxd5 cxd5 20. Rac1 Qb8 21. e5 Rc8
22. Nd4 g6 23. Rxc8 Rxc8 24. Rc1 Rc7 25. h4 Qc8 26. Rc2 Ba3 27. Kh2 Nb8 28.
Rxc7 Qxc7 29. Bh3 Bc8 30. Bf1 Bd7 31. b4 Ba4 32. b5 axb5 33. Bxb5 Bxb5 34. Nxb5
Qe7 35. Qc3 Bb4 36. Qc8+ Qf8 37. Qb7 Bc5 38. Bxc5 Qxc5 39. Qxb8+ Kg7 40. Kg2
Qc2+ 1/2-1/2

[Event "Cannes op"]
[Site "Cannes FRA"]
[Date "1994.??.??"]
[Round "7"]
[White "Spraggett, Kevin"]
[Black "Touzane, Olivier"]
[Result "1-0"]
[WhiteElo "2550"]
[BlackElo "2330"]
[PlyCount "125"]
[EventDate "1994.02.??"]
[EventType "swiss"]
[EventRounds "9"]
[EventCountry "FRA"]

1. e4 c5 2. Nf3 d6 3. d4 cxd4 4. Nxd4 Nf6 5. Nc3 a6 6. a4 Nc6 7. Be2 e6 8. O-O
Be7 9. Be3 O-O 10. f4 Qc7 11. Kh1 Re8 12. Bd3 Nxd4 13. Bxd4 e5 14. Be3 Be6 15.
f5 Bc4 16. Bg5 Rad8 17. Bxf6 Bxf6 18. Bxc4 Qxc4 19. Re1 Qd4 20. Nd5 Qxb2 21.
Rb1 Qd4 22. Qg4 Kf8 23. Qh5 Qf2 24. Qxh7 Qh4 25. Qxh4 Bxh4 26. g3 Bg5 27. Rxb7
Rc8 28. c3 Rc4 29. Rb4 Rec8 30. Reb1 Bd8 31. Kg2 a5 32. Rxc4 Rxc4 33. Kf3 Rxa4
34. Rb7 Ra2 35. h4 Ke8 36. Ra7 Rd2 37. h5 Rh2 38. Kg4 Re2 39. Kf3 Rh2 40. Ra6
Rxh5 41. Kg2 Kd7 42. Ra7+ Ke8 43. c4 Rh6 44. Rb7 Rh5 45. Nc3 Rh6 46. Nb5 Rf6
47. Kf3 Rh6 48. Kg2 Rf6 49. Kf1 Rh6 50. Ke2 Rh2+ 51. Kd3 Rh3 52. Nxd6+ Kf8 53.
c5 Rxg3+ 54. Kc4 a4 55. f6 gxf6 56. Rb8 Rg1 57. Rxd8+ Ke7 58. Ra8 Rc1+ 59. Kd5
Rd1+ 60. Kc6 f5 61. Ra7+ Ke6 62. exf5+ Kf6 63. Rxf7+ 1-0